000
00218nam a2200097Ia 4500
008
221009s9999 xx 000 0 und d
082
_a
294.5/KAR
100
_a
Kak, Subhash
_9
7582
245
4
_a
The Asvamedha
942
_c
BK
999
_c
64849
_d
64849